| 000 -LEADER |
| fixed length control field |
01260nam a2200229Ia 4500 |
| 001 - CONTROL NUMBER |
| control field |
18825 |
| 003 - CONTROL NUMBER IDENTIFIER |
| control field |
GE_BSU |
| 008 - FIXED-LENGTH DATA ELEMENTS--GENERAL INFORMATION |
| fixed length control field |
181216s||||||||xx |||||||||||||| ||und|| |
| 040 ## - CATALOGING SOURCE |
| Transcribing agency |
GE_BSU |
| 245 ## - TITLE STATEMENT |
| Title |
საქართველოს ბიბლიოთეკა :№1(58) 2015 |
| 245 ## - TITLE STATEMENT |
| Remainder of title |
პროფესიული ჟრნალი ბიბლიოთეკარებისათვის. |
| 245 ## - TITLE STATEMENT |
| Statement of responsibility, etc. |
რედ.: ალექსანდრე ლორია, რედ მოადგ:გურამ თაყნიაშვილი. |
| 250 ## - EDITION STATEMENT |
| Edition statement |
ჟურნალი გამოდის წელიწადში ოთხჯერ. |
| 260 ## - PUBLICATION, DISTRIBUTION, ETC. |
| Place of publication, distribution, etc. |
თბილისი |
| 260 ## - PUBLICATION, DISTRIBUTION, ETC. |
| Name of publisher, distributor, etc. |
საბიბლიოთეკო ასოციაცია |
| 260 ## - PUBLICATION, DISTRIBUTION, ETC. |
| Date of publication, distribution, etc. |
2015 |
| 300 ## - PHYSICAL DESCRIPTION |
| Extent |
56გვ;29სმ. |
| 520 ## - SUMMARY, ETC. |
| Summary, etc. |
აკაკი წერეთელი-175;ტექნოლოგიური სიახლეები ეროვნულ ბიბლიოთეკაში;საქართველოს ბიბლიოთეკების კვირეული2015 |
| 653 ## - INDEX TERM--UNCONTROLLED |
| Uncontrolled term |
პერიოდიკა |
| 653 ## - INDEX TERM--UNCONTROLLED |
| Uncontrolled term |
საქართველოს ბიბლიოთეკა |
| 942 ## - ADDED ENTRY ELEMENTS (KOHA) |
| Koha item type |
პერიოდიკა |